[Event "English Schools Championship Final 2024"]
[Site "Nottingham University Kings Meadow Campus, United Kingdom"]
[Date "2024.06.28"]
[Round "5.63"]
[White "Howarth, Chevy"]
[Black "Stephens, Scott"]
[Result "0-1"]
[TimeControl "G50' + 10\" per move."]
[BlackFideId "343427626"]
[WhiteElo "1611"]
[BlackElo "1613"]

1. e4 {[%clk 00:50:19]} c5 {[%clk 00:50:14]} {[%emt 00:00:07]} 2. c3 {[%clk
00:50:24]} {[%emt 00:00:06]} d6 {[%clk 00:50:01]} {[%emt 00:00:22]} 3. d4
{[%clk 00:50:28]} {[%emt 00:00:08]} cxd4 {[%clk 00:49:56]} {[%emt 00:00:14]} 4.
cxd4 {[%clk 00:50:28]} {[%emt 00:00:08]} g6 {[%clk 00:48:42]} {[%emt 00:01:24]}
5. Nf3 {[%clk 00:50:19]} {[%emt 00:00:19]} Bg7 {[%clk 00:48:07]} {[%emt
00:00:46]} 6. Be3 {[%clk 00:50:22]} {[%emt 00:00:07]} Nf6 {[%clk 00:47:05]}
{[%emt 00:01:12]} 7. Bd3 {[%clk 00:50:12]} {[%emt 00:00:19]} O-O {[%clk
00:46:20]} {[%emt 00:00:55]} 8. Nc3 {[%clk 00:50:06]} {[%emt 00:00:16]} a6
{[%clk 00:42:00]} {[%emt 00:04:31]} 9. Qd2 {[%clk 00:50:06]} {[%emt 00:00:10]}
b5 {[%clk 00:41:25]} {[%emt 00:00:44]} 10. Bh6 {[%clk 00:50:04]} {[%emt
00:00:12]} e6 {[%clk 00:32:12]} {[%emt 00:09:23]} 11. Bxg7 {[%clk 00:49:52]}
{[%emt 00:00:21]} Kxg7 {[%clk 00:32:12]} {[%emt 00:00:11]} 12. h4 {[%clk
00:49:47]} {[%emt 00:00:15]} h5 {[%clk 00:28:26]} {[%emt 00:03:56]} 13. Ne2
{[%clk 00:48:13]} {[%emt 00:01:44]} Bb7 {[%clk 00:27:38]} {[%emt 00:01:00]} 14.
Ng5 {[%clk 00:47:32]} {[%emt 00:00:50]} Nbd7 {[%clk 00:26:28]} {[%emt
00:01:19]} 15. Nf4 {[%clk 00:45:28]} {[%emt 00:02:15]} Qe7 {[%clk 00:24:43]}
{[%emt 00:01:54]} 16. f3 {[%clk 00:45:02]} {[%emt 00:00:36]} e5 {[%clk
00:23:28]} {[%emt 00:01:26]} 17. Ne2 {[%clk 00:44:32]} {[%emt 00:00:39]} Rac8
{[%clk 00:22:18]} {[%emt 00:01:21]} 18. g4 {[%clk 00:42:38]} {[%emt 00:02:03]}
Nb6 {[%clk 00:19:23]} {[%emt 00:03:05]} 19. Ng3 {[%clk 00:42:11]} {[%emt
00:00:37]} Nc4 {[%clk 00:17:51]} {[%emt 00:01:42]} 20. Bxc4 {[%clk 00:41:56]}
{[%emt 00:00:26]} Rxc4 {[%clk 00:17:28]} {[%emt 00:00:33]} 21. d5 {[%clk
00:40:11]} {[%emt 00:01:55]} hxg4 {[%clk 00:14:09]} {[%emt 00:03:29]} 22. h5
{[%clk 00:40:02]} {[%emt 00:00:19]} Rh8 {[%clk 00:09:51]} {[%emt 00:04:28]} 23.
h6+ {[%clk 00:37:59]} {[%emt 00:02:12]} Kf8 {[%clk 00:08:31]} {[%emt 00:01:30]}
24. h7 {[%clk 00:37:45]} {[%emt 00:00:24]} gxf3 {[%clk 00:07:10]} {[%emt
00:01:31]} 25. Nxf3 {[%clk 00:36:52]} {[%emt 00:01:03]} Nxe4 {[%clk 00:06:53]}
{[%emt 00:00:27]} 26. Qh6+ {[%clk 00:36:39]} {[%emt 00:00:23]} Ke8 {[%clk
00:06:29]} {[%emt 00:00:34]} 27. Qg7 {[%clk 00:34:29]} {[%emt 00:02:20]} Qf6
{[%clk 00:06:30]} {[%emt 00:00:09]} 28. Qg8+ {[%clk 00:33:22]} {[%emt
00:01:17]} Ke7 {[%clk 00:06:32]} {[%emt 00:00:09]} 29. Nxe4 {[%clk 00:32:27]}
{[%emt 00:01:03]} Rxe4+ {[%clk 00:06:27]} {[%emt 00:00:16]} 30. Kf2 {[%clk
00:32:01]} {[%emt 00:00:36]} Rf4 {[%emt 00:01:21]} 31. Rh3 {[%clk 00:31:29]}
Bxd5 {[%clk 00:05:22]} {[%emt 00:00:47]} 32. Rc1 {[%clk 00:30:52]} {[%emt
00:00:47]} Bxf3 {[%clk 00:03:38]} {[%emt 00:01:55]} 33. Rxf3 {[%clk 00:29:34]}
{[%emt 00:01:26]} Rxf3+ {[%clk 00:03:44]} {[%emt 00:00:03]} 34. Ke2 {[%clk
00:29:00]} {[%emt 00:00:44]} Rf2+ {[%clk 00:03:49]} {[%emt 00:00:06]} 35. Ke1
{[%clk 00:27:53]} {[%emt 00:01:17]} Rf1+ {[%clk 00:03:52]} {[%emt 00:00:06]} 36.
Kd2 {[%clk 00:27:31]} {[%emt 00:00:33]} Qf4+ {[%clk 00:02:58]} {[%emt
00:01:04]} 37. Kd3 {[%clk 00:26:24]} {[%emt 00:01:17]} Qd4+ {[%clk 00:02:11]}
{[%emt 00:00:56]} 38. Ke2 {[%clk 00:26:14]} {[%emt 00:00:21]} Rxg8 {[%clk
00:02:00]} {[%emt 00:00:21]} 39. Rc7+ {[%clk 00:25:44]} {[%emt 00:00:40]} Ke6
{[%clk 00:01:35]} {[%emt 00:00:35]} 40. hxg8=Q {[%clk 00:25:42]} {[%emt
00:00:10]} Qd1+ {[%clk 00:01:25]} {[%emt 00:00:23]} 41. Ke3 {[%clk 00:25:17]}
{[%emt 00:00:34]} Qf3+ {[%clk 00:01:23]} {[%emt 00:00:11]} 42. Kd2 {[%clk
00:25:07]} {[%emt 00:00:21]} Rd1+ {[%clk 00:01:31]} {[%emt 00:00:02]} 0-1

[Event "English Schools Championship Final 2024"]
[Site "Nottingham University Kings Meadow Campus, United Kingdom"]
[Date "2024.06.28"]
[Round "5.64"]
[White "Willsher-Hughes, Tobias"]
[Black "Mupfiga, Thabiso"]
[Result "1-0"]
[TimeControl "G50' + 10\" per move."]
[WhiteFideId "343428550"]
[WhiteElo "1779"]
[BlackElo "1455"]

1. d4 {[%clk 00:50:16]} {[%emt 00:00:07]} Nf6 {[%clk 00:50:26]} {[%emt
00:00:03]} 2. Bf4 {[%clk 00:50:23]} {[%emt 00:00:02]} e6 {[%clk 00:50:07]}
{[%emt 00:00:29]} 3. e3 {[%clk 00:50:27]} {[%emt 00:00:06]} d5 {[%clk
00:49:54]} {[%emt 00:00:23]} 4. Bd3 {[%clk 00:50:19]} {[%emt 00:00:18]} Be7
{[%clk 00:49:35]} {[%emt 00:00:29]} 5. Nf3 {[%clk 00:50:14]} {[%emt 00:00:15]}
Nc6 {[%clk 00:49:13]} {[%emt 00:00:32]} 6. Nbd2 {[%clk 00:49:51]} {[%emt
00:00:33]} a6 {[%clk 00:49:12]} {[%emt 00:00:11]} 7. a3 {[%clk 00:49:41]}
{[%emt 00:00:20]} h6 {[%clk 00:48:21]} {[%emt 00:01:01]} 8. O-O {[%clk
00:49:23]} {[%emt 00:00:28]} O-O {[%clk 00:48:26]} {[%emt 00:00:05]} 9. c4
{[%clk 00:49:02]} {[%emt 00:00:30]} dxc4 {[%clk 00:47:58]} {[%emt 00:00:38]} 10.
Nxc4 {[%clk 00:48:36]} {[%emt 00:00:35]} b5 {[%clk 00:47:56]} {[%emt 00:00:13]}
11. Nce5 {[%clk 00:47:03]} {[%emt 00:01:44]} Bb7 {[%clk 00:47:10]} {[%emt
00:00:56]} 12. Nxc6 {[%clk 00:46:22]} {[%emt 00:00:50]} Bxc6 {[%clk 00:47:07]}
{[%emt 00:00:13]} 13. Rc1 {[%clk 00:46:01]} {[%emt 00:00:32]} Bxf3 {[%clk
00:45:16]} {[%emt 00:02:02]} 14. Qxf3 {[%clk 00:45:49]} {[%emt 00:00:21]} Nd5
{[%clk 00:45:24]} {[%emt 00:00:02]} 15. Qe4 {[%clk 00:43:10]} {[%emt 00:02:48]}
Nf6 {[%clk 00:42:33]} {[%emt 00:03:02]} 16. Qb7 {[%clk 00:41:09]} {[%emt
00:02:11]} Bd6 {[%clk 00:40:55]} {[%emt 00:01:48]} 17. Bxd6 {[%clk 00:40:06]}
{[%emt 00:01:13]} cxd6 {[%clk 00:40:22]} {[%emt 00:00:43]} 18. Rc2 {[%clk
00:38:59]} {[%emt 00:01:17]} d5 {[%clk 00:38:58]} {[%emt 00:01:34]} 19. Rfc1
{[%clk 00:37:01]} {[%emt 00:02:07]} Qb8 {[%clk 00:37:52]} {[%emt 00:01:17]} 20.
Rc7 {[%clk 00:35:06]} {[%emt 00:02:05]} Qxb7 {[%clk 00:36:20]} {[%emt
00:01:42]} 21. Rxb7 {[%clk 00:35:02]} {[%emt 00:00:14]} Rfb8 {[%clk 00:35:26]}
{[%emt 00:01:04]} 22. Rxb8+ {[%clk 00:33:56]} {[%emt 00:01:15]} Rxb8 {[%clk
00:35:30]} {[%emt 00:00:06]} 23. Rc6 {[%clk 00:33:29]} {[%emt 00:00:37]} Ra8
{[%clk 00:35:15]} {[%emt 00:00:26]} 24. a4 {[%clk 00:31:19]} {[%emt 00:02:19]}
bxa4 {[%clk 00:35:20]} {[%emt 00:00:05]} 25. Rxa6 {[%clk 00:31:16]} {[%emt
00:00:13]} Rxa6 {[%clk 00:34:55]} {[%emt 00:00:36]} 26. Bxa6 {[%clk 00:31:20]}
{[%emt 00:00:06]} Nd7 {[%clk 00:34:41]} {[%emt 00:00:25]} 27. Bb5 {[%clk
00:30:13]} {[%emt 00:01:16]} Nb6 {[%clk 00:34:36]} {[%emt 00:00:15]} 28. Kf1
{[%clk 00:30:14]} {[%emt 00:00:10]} f5 {[%clk 00:33:09]} {[%emt 00:01:36]} 29.
Ke2 {[%clk 00:28:22]} {[%emt 00:02:02]} g5 {[%clk 00:32:10]} {[%emt 00:01:09]}
30. Kd3 {[%clk 00:27:58]} {[%emt 00:00:34]} Kf7 {[%clk 00:31:12]} {[%emt
00:01:08]} 31. Kc3 {[%clk 00:27:37]} {[%emt 00:00:31]} Kf6 {[%clk 00:30:26]}
{[%emt 00:00:56]} 32. Kb4 {[%clk 00:27:28]} {[%emt 00:00:18]} Nc4 {[%clk
00:29:19]} {[%emt 00:01:18]} 33. Bxc4 {[%clk 00:27:19]} {[%emt 00:00:18]} dxc4
{[%clk 00:29:19]} {[%emt 00:00:11]} 34. Kxc4 {[%clk 00:27:22]} {[%emt
00:00:07]} e5 {[%clk 00:28:04]} {[%emt 00:01:25]} 35. d5 {[%clk 00:26:59]}
{[%emt 00:00:33]} Ke7 {[%clk 00:27:36]} {[%emt 00:00:38]} 36. Kc5 {[%clk
00:26:26]} {[%emt 00:00:43]} Kd7 {[%clk 00:26:59]} {[%emt 00:00:47]} 37. d6
{[%clk 00:26:25]} {[%emt 00:00:11]} e4 {[%clk 00:26:43]} {[%emt 00:00:26]} 38.
Kd5 {[%clk 00:26:11]} {[%emt 00:00:24]} f4 {[%clk 00:26:24]} {[%emt 00:00:29]}
39. exf4 {[%clk 00:25:57]} {[%emt 00:00:24]} gxf4 {[%clk 00:26:12]} {[%emt
00:00:22]} 40. Kxe4 {[%clk 00:24:37]} {[%emt 00:01:30]} Kxd6 {[%clk 00:25:30]}
{[%emt 00:00:52]} 41. g3 {[%clk 00:24:03]} {[%emt 00:00:44]} fxg3 {[%clk
00:24:56]} {[%emt 00:00:44]} 42. hxg3 {[%clk 00:23:38]} {[%emt 00:00:35]} Kc5
{[%clk 00:24:25]} {[%emt 00:00:42]} 43. Kd3 {[%clk 00:23:31]} {[%emt 00:00:16]}
Kd5 {[%clk 00:24:06]} {[%emt 00:00:29]} 44. f3 {[%clk 00:22:41]} {[%emt
00:01:00]} Ke5 {[%clk 00:22:50]} {[%emt 00:01:26]} 45. f4+ {[%clk 00:22:24]}
{[%emt 00:00:27]} Kf5 {[%clk 00:22:16]} {[%emt 00:00:44]} 46. Ke3 {[%clk
00:22:04]} {[%emt 00:00:30]} Kg4 {[%clk 00:21:40]} {[%emt 00:00:47]} 47. Ke4
{[%clk 00:22:08]} {[%emt 00:00:05]} h5 {[%clk 00:21:10]} {[%emt 00:00:40]} 48.
f5 {[%clk 00:22:08]} {[%emt 00:00:10]} Kxg3 {[%clk 00:20:56]} {[%emt 00:00:24]}
49. f6 {[%clk 00:22:13]} {[%emt 00:00:06]} h4 {[%clk 00:20:38]} {[%emt
00:00:28]} 50. f7 {[%clk 00:22:18]} {[%emt 00:00:04]} h3 {[%clk 00:20:19]}
{[%emt 00:00:29]} 51. f8=Q {[%clk 00:22:22]} {[%emt 00:00:07]} h2 {[%clk
00:20:27]} 52. Qg7+ {[%clk 00:22:10]} {[%emt 00:00:21]} Kf2 {[%clk 00:19:23]}
{[%emt 00:01:15]} 53. Qf6+ {[%clk 00:21:56]} {[%emt 00:00:24]} Kg1 {[%clk
00:18:57]} {[%emt 00:00:36]} 54. Qd4+ {[%clk 00:21:41]} {[%emt 00:00:20]} Kg2
{[%clk 00:18:25]} {[%emt 00:00:47]} 55. Qd2+ {[%clk 00:21:40]} {[%emt
00:00:10]} Kg1 {[%clk 00:17:23]} {[%emt 00:01:12]} 56. Qxh2+ {[%clk 00:21:07]}
{[%emt 00:00:43]} Kxh2 {[%clk 00:17:11]} {[%emt 00:00:23]} 57. Kd4 {[%clk
00:21:16]} {[%emt 00:00:02]} Kg3 {[%clk 00:15:25]} {[%emt 00:01:56]} 58. Kc4
{[%clk 00:21:12]} {[%emt 00:00:14]} a3 {[%clk 00:14:56]} {[%emt 00:00:38]} 59.
bxa3 {[%clk 00:21:09]} {[%emt 00:00:12]} Kf4 {[%emt 00:00:03]} 60. Kc5 {[%clk
00:21:03]} {[%emt 00:00:16]} Ke5 {[%clk 00:15:02]} {[%emt 00:00:13]} 61. a4
{[%clk 00:20:25]} {[%emt 00:00:48]} Ke6 {[%clk 00:14:50]} {[%emt 00:00:21]} 62.
Kc6 {[%clk 00:20:25]} {[%emt 00:00:10]} Ke7 {[%clk 00:14:47]} {[%emt 00:00:13]}
63. Kc7 {[%clk 00:20:29]} {[%emt 00:00:05]} Ke6 {[%clk 00:14:45]} {[%emt
00:00:12]} 64. a5 {[%clk 00:20:34]} {[%emt 00:00:06]} Kd5 {[%clk 00:14:51]}
{[%emt 00:00:04]} 65. a6 {[%clk 00:20:34]} {[%emt 00:00:09]} Kc5 {[%clk
00:14:55]} {[%emt 00:00:06]} 66. a7 {[%clk 00:20:39]} {[%emt 00:00:06]} Kb5
{[%clk 00:15:02]} {[%emt 00:00:04]} 67. a8=Q {[%clk 00:20:41]} {[%emt
00:00:08]} Kc5 {[%clk 00:15:07]} {[%emt 00:00:05]} 68. Qc6+ {[%clk 00:20:34]}
{[%emt 00:00:15]} Kd4 {[%clk 00:15:13]} {[%emt 00:00:04]} 69. Qb5 {[%clk
00:20:36]} {[%emt 00:00:08]} Ke4 {[%clk 00:15:19]} {[%emt 00:00:05]} 70. Kd6
{[%clk 00:20:39]} {[%emt 00:00:07]} Kf4 {[%emt 00:00:04]} 71. Ke6 {[%clk
00:20:37]} {[%emt 00:00:11]} Kg4 {[%clk 00:15:33]} {[%emt 00:00:04]} 72. Qf1
{[%clk 00:20:36]} {[%emt 00:00:10]} Kg3 {[%clk 00:15:37]} {[%emt 00:00:06]} 73.
Ke5 {[%clk 00:20:24]} {[%emt 00:00:22]} Kh2 {[%clk 00:15:36]} {[%emt 00:00:11]}
74. Qf8 {[%clk 00:20:21]} {[%emt 00:00:13]} Kh3 {[%clk 00:15:38]} {[%emt
00:00:08]} 75. Qg8 {[%clk 00:20:25]} {[%emt 00:00:05]} Kh4 {[%clk 00:15:44]}
{[%emt 00:00:05]} 76. Kf5 {[%clk 00:20:27]} {[%emt 00:00:07]} Kh3 {[%clk
00:15:49]} {[%emt 00:00:06]} 77. Kf4 {[%clk 00:20:20]} {[%emt 00:00:16]} Kh2
{[%clk 00:15:56]} {[%emt 00:00:05]} 78. Kf3 {[%clk 00:20:17]} {[%emt 00:00:13]}
Kh1 {[%clk 00:16:03]} {[%emt 00:00:02]} 79. Qg2# {[%clk 00:19:59]} {[%emt
00:00:18]} 1-0

[Event "English Schools Championship Final 2024"]
[Site "Nottingham University Kings Meadow Campus, United Kingdom"]
[Date "2024.06.28"]
[Round "5.65"]
[White "Ragu, Sachin"]
[Black "Mathey, Ruben"]
[Result "1/2-1/2"]
[TimeControl "G50' + 10\" per move."]
[WhiteFideId "343441726"]
[WhiteElo "1542"]
[BlackElo "1670"]

1. e4 {[%clk 00:50:18]} {[%emt 00:34:21]} d5 {[%clk 00:50:19]} {[%emt
00:00:02]} 2. exd5 {[%clk 00:50:21]} {[%emt 00:00:06]} Qxd5 {[%clk 00:50:27]}
{[%emt 00:00:03]} 3. Nc3 {[%clk 00:50:23]} {[%emt 00:00:08]} Qa5 {[%clk
00:50:36]} {[%emt 00:00:03]} 4. Nf3 {[%clk 00:50:22]} {[%emt 00:00:09]} Nf6
{[%clk 00:50:42]} {[%emt 00:00:06]} 5. d4 {[%clk 00:50:25]} {[%emt 00:00:07]}
Bf5 {[%clk 00:50:47]} {[%emt 00:00:03]} 6. Be2 {[%clk 00:50:15]} {[%emt
00:00:19]} e6 {[%clk 00:50:51]} {[%emt 00:00:06]} 7. a3 {[%clk 00:50:11]}
{[%emt 00:00:15]} c6 {[%clk 00:50:19]} {[%emt 00:00:42]} 8. O-O {[%clk
00:49:56]} {[%emt 00:00:25]} Bd6 {[%clk 00:50:00]} {[%emt 00:00:29]} 9. Be3
{[%clk 00:48:36]} {[%emt 00:01:30]} O-O {[%clk 00:49:38]} {[%emt 00:00:31]} 10.
h3 {[%clk 00:46:08]} {[%emt 00:02:37]} Nbd7 {[%clk 00:48:50]} {[%emt 00:01:00]}
11. Bd3 {[%clk 00:46:00]} {[%emt 00:00:17]} Bxd3 {[%clk 00:48:15]} {[%emt
00:00:46]} 12. Qxd3 {[%clk 00:46:00]} {[%emt 00:00:10]} Rad8 {[%clk 00:47:52]}
{[%emt 00:00:32]} 13. Bg5 {[%clk 00:44:52]} {[%emt 00:01:18]} h6 {[%clk
00:47:10]} {[%emt 00:00:53]} 14. Bh4 {[%clk 00:44:38]} {[%emt 00:00:23]} g5
{[%clk 00:46:33]} {[%emt 00:00:47]} 15. Bg3 {[%clk 00:44:37]} {[%emt 00:00:11]}
Bxg3 {[%clk 00:46:29]} {[%emt 00:00:15]} 16. fxg3 {[%clk 00:44:39]} {[%emt
00:00:08]} c5 {[%clk 00:45:27]} {[%emt 00:01:12]} 17. Rae1 {[%clk 00:37:10]}
{[%emt 00:07:38]} cxd4 {[%clk 00:45:05]} {[%emt 00:00:33]} 18. Qxd4 {[%clk
00:36:58]} {[%emt 00:00:22]} Qb6 {[%clk 00:44:46]} {[%emt 00:00:29]} 19. Qxb6
{[%clk 00:34:25]} {[%emt 00:02:42]} Nxb6 {[%clk 00:44:08]} {[%emt 00:00:48]} 20.
Nxg5 {[%clk 00:34:08]} {[%emt 00:00:27]} hxg5 {[%clk 00:42:57]} {[%emt
00:01:21]} 21. Rxf6 {[%clk 00:33:59]} {[%emt 00:00:19]} Rd2 {[%clk 00:42:58]}
{[%emt 00:00:09]} 22. Rf2 {[%clk 00:33:30]} {[%emt 00:00:39]} Rfd8 {[%clk
00:40:44]} {[%emt 00:02:24]} 23. Re5 {[%clk 00:28:59]} {[%emt 00:04:41]} Kh7
{[%clk 00:39:12]} {[%emt 00:01:42]} 24. Rxf7+ {[%clk 00:27:41]} {[%emt
00:01:27]} Kg6 {[%clk 00:39:01]} {[%emt 00:00:22]} 25. Rf2 {[%clk 00:27:34]}
{[%emt 00:00:17]} Rxf2 {[%clk 00:39:04]} {[%emt 00:00:07]} 26. Kxf2 {[%clk
00:27:32]} {[%emt 00:00:12]} Kf6 {[%clk 00:38:41]} {[%emt 00:00:33]} 27. Re4
{[%clk 00:25:16]} {[%emt 00:02:26]} e5 {[%clk 00:38:06]} {[%emt 00:00:46]} 28.
Ke2 {[%clk 00:24:18]} {[%emt 00:01:07]} Kf5 {[%clk 00:37:48]} {[%emt 00:00:28]}
29. h4 {[%clk 00:23:15]} {[%emt 00:01:14]} Rg8 {[%clk 00:37:22]} {[%emt
00:00:35]} 30. g4+ {[%clk 00:22:03]} {[%emt 00:01:22]} Ke6 {[%clk 00:37:16]}
{[%emt 00:00:16]} 31. hxg5 {[%clk 00:21:43]} {[%emt 00:00:30]} Rxg5 {[%clk
00:37:19]} {[%emt 00:00:08]} 32. Nb5 {[%clk 00:19:15]} {[%emt 00:02:38]} Kd5
{[%clk 00:37:08]} {[%emt 00:00:21]} 33. Kd3 {[%clk 00:17:39]} {[%emt 00:01:45]}
Nd7 {[%clk 00:36:46]} {[%emt 00:00:32]} 34. c4+ {[%clk 00:16:35]} {[%emt
00:01:15]} Kc5 {[%clk 00:36:32]} {[%emt 00:00:23]} 35. Nc7 {[%clk 00:14:20]}
{[%emt 00:02:25]} Kd6 {[%clk 00:36:31]} {[%emt 00:00:11]} 36. Nb5+ {[%clk
00:13:01]} {[%emt 00:01:29]} Kc5 {[%clk 00:35:57]} {[%emt 00:00:44]} 37. b4+
{[%clk 00:12:28]} {[%emt 00:00:43]} Kb6 {[%clk 00:35:47]} {[%emt 00:00:21]} 38.
Nc3 {[%clk 00:12:13]} {[%emt 00:00:25]} Nf6 {[%clk 00:35:51]} {[%emt 00:00:06]}
39. Nd5+ {[%clk 00:12:07]} {[%emt 00:00:16]} Nxd5 {[%clk 00:35:42]} {[%emt
00:00:19]} 40. cxd5 {[%clk 00:12:14]} {[%emt 00:00:03]} Kc7 {[%clk 00:35:36]}
{[%emt 00:00:16]} 41. Kc4 {[%clk 00:12:07]} {[%emt 00:00:17]} a6 {[%clk
00:35:25]} {[%emt 00:00:21]} 42. Kc5 {[%clk 00:12:07]} {[%emt 00:00:09]} b6+
{[%clk 00:35:20]} {[%emt 00:00:15]} 43. Kc4 {[%clk 00:12:12]} {[%emt 00:00:05]}
Kd6 {[%clk 00:35:18]} {[%emt 00:00:12]} 44. a4 {[%clk 00:10:59]} {[%emt
00:01:24]} Rg7 {[%clk 00:35:09]} {[%emt 00:00:19]} 45. Kd3 {[%clk 00:10:27]}
{[%emt 00:00:42]} Kxd5 {[%clk 00:35:09]} {[%emt 00:00:10]} 46. Rc4 {[%clk
00:08:36]} {[%emt 00:02:01]} Re7 {[%clk 00:34:53]} {[%emt 00:00:25]} 47. Re4
{[%clk 00:08:38]} {[%emt 00:00:09]} Rg7 {[%clk 00:34:31]} {[%emt 00:00:32]} 48.
b5 {[%clk 00:07:40]} {[%emt 00:01:08]} axb5 {[%clk 00:34:06]} {[%emt 00:00:35]}
49. axb5 {[%clk 00:07:46]} {[%emt 00:00:04]} Rd7 {[%clk 00:33:44]} {[%emt
00:00:32]} 50. Ke3 {[%clk 00:06:28]} {[%emt 00:01:27]} Ra7 {[%clk 00:33:29]}
{[%emt 00:00:25]} 51. Rb4 {[%clk 00:05:32]} {[%emt 00:01:07]} Ra3+ {[%clk
00:32:51]} {[%emt 00:00:48]} 52. Kf2 {[%clk 00:05:28]} {[%emt 00:00:13]} e4
{[%clk 00:32:25]} {[%emt 00:00:36]} 53. g5 {[%clk 00:05:24]} {[%emt 00:00:15]}
Ra8 {[%clk 00:32:29]} {[%emt 00:00:06]} 54. g6 {[%clk 00:05:10]} {[%emt
00:00:23]} Rg8 {[%clk 00:32:31]} {[%emt 00:00:08]} 55. Ke3 {[%clk 00:04:48]}
{[%emt 00:00:32]} Rxg6 {[%clk 00:32:21]} {[%emt 00:00:20]} 56. Rxe4 {[%clk
00:04:12]} {[%emt 00:00:46]} Rxg2 {[%clk 00:32:23]} {[%emt 00:00:08]} 57. Kd3
{[%clk 00:03:50]} {[%emt 00:00:33]} Rb2 {[%clk 00:32:24]} {[%emt 00:00:09]} 58.
Rd4+ {[%clk 00:01:40]} {[%emt 00:02:20]} Kc5 {[%clk 00:32:28]} {[%emt
00:00:06]} 59. Kc3 {[%clk 00:01:25]} {[%emt 00:00:23]} Rxb5 {[%clk 00:32:35]}
{[%emt 00:00:05]} 60. Rc4+ {[%clk 00:01:12]} {[%emt 00:00:22]} Kd5 {[%clk
00:32:34]} {[%emt 00:00:11]} 61. Rd4+ {[%clk 00:01:12]} {[%emt 00:00:10]} Ke5
{[%clk 00:32:11]} {[%emt 00:00:33]} 62. Rh4 {[%clk 00:01:10]} {[%emt 00:00:12]}
Rc5+ {[%clk 00:31:58]} {[%emt 00:00:24]} 63. Kb4 {[%clk 00:01:09]} {[%emt
00:00:10]} Kd5 {[%clk 00:31:48]} {[%emt 00:00:21]} 64. Rh5+ {[%clk 00:01:08]}
{[%emt 00:00:10]} Kd4 {[%clk 00:31:49]} {[%emt 00:00:09]} 65. Rh4 {[%clk
00:01:08]} {[%emt 00:00:11]} Kd3 {[%clk 00:31:50]} {[%emt 00:00:09]} 66. Rh3+
{[%clk 00:01:14]} {[%emt 00:00:03]} Ke4 {[%clk 00:31:38]} {[%emt 00:00:22]} 67.
Rh4 {[%clk 00:01:10]} {[%emt 00:00:15]} Kf3 {[%clk 00:31:21]} {[%emt 00:00:27]}
68. Rh6 {[%clk 00:01:02]} {[%emt 00:00:18]} Rc1 {[%clk 00:30:37]} {[%emt
00:01:09]} 69. Rxb6 {[%clk 00:01:00]} {[%emt 00:00:12]} Rb1+ {[%clk 00:30:41]}
{[%emt 00:00:06]} 70. Kc5 {[%clk 00:01:01]} {[%emt 00:00:08]} Rxb6 {[%clk
00:30:45]} {[%emt 00:00:07]} 71. Kxb6 {[%clk 00:00:46]} {[%emt 00:00:11]}
1/2-1/2